The promise of the West : the Greek world, Rome, and Judaism /

محفوظ في:

المؤلف الرئيسي: Samuel, Alan Edouard (مؤلف)

التنسيق: كتاب

اللغة: English

منشور في: London ; New York : Routledge, 1988.

الموضوعات:

الوسوم: إضافة وسم

لا توجد وسوم, كن أول من يضع وسما على هذه التسجيلة!

رقم الطلب: DE60 .S26 1988

LEADER 00737namaa2200241 4500
001 22138
003 OSt
005 20251217084645.0
008 130303s1988 enka b 001 0 eng d
010 |a 87007820 
020 |a 0415002745 
040 |c ARCE Library 
050 4 |a DE60 .S26 1988 
100 1 |a Samuel, Alan Edouard,  |e author 
245 1 4 |a The promise of the West :  |b the Greek world, Rome, and Judaism /  |c Alan E. Samuel. 
264 1 |a London ;   |a New York :   |b Routledge,   |c 1988. 
300 |a xvi, 432 pages :  |b illustrations ;  |c 26 cm. 
504 |a Includes bibliographical references (pages 403-423) and index. 
555 |a Sara.lib 
650 0 |a Civilization, Classical. 
901 |a reviewed 
942 |c BK  |2 lcc 
999 |c 20740  |d 20740